| 000 | 00625nam a22001937a 4500 | ||
|---|---|---|---|
| 003 | PILC | ||
| 005 | 20150603094225.0 | ||
| 008 | 150603b xxu||||| |||| 00| 0 eng d | ||
| 020 | _a9714205832 | ||
| 050 |
_aLC 268 _b.R173 2004 |
||
| 100 | _aRamirez, Luzviminda F. | ||
| 245 |
_aMan, values, and work ethics / _cLuzviminda F. Ramirez, Eden Tongson-Beltran. |
||
| 260 |
_aBulacan : _bTrinitas Publishing, Inc., _c2004. |
||
| 300 |
_a149 pages : _billustrations ; _c26 cm. |
||
| 500 | _aIncludes glossary, bibliographical references and indexes. | ||
| 650 | _aValues education. | ||
| 650 | _aMoral. | ||
| 942 |
_2lcc _cBK _kLOC |
||
| 999 |
_c284581 _d284581 |
||